|
|
|
|
| LEADER |
01012nam a22002655i 4500 |
| 001 |
41959 |
| 003 |
BD-DhAAL |
| 008 |
231107t2023 ii 000 0 eng d |
| 010 |
|
|
|a 2023933117
|
| 020 |
|
|
|a 9780670091850
|
| 040 |
|
|
|a DLC
|b eng
|e rda
|c DLC
|d BD-DhAAL
|
| 082 |
|
|
|a 954.04
|2 23
|
| 100 |
1 |
|
|a Chatterji, Joya,
|e author.
|9 6066
|
| 245 |
1 |
0 |
|a Shadows at Noon :
|b the south asian twentieth century /
|c Joya Chatterji.
|
| 264 |
|
1 |
|a India :
|b Penguin,
|c c2023.
|
| 300 |
|
|
|a xxii, 841 pages ;
|c 24 cm.
|
| 526 |
|
|
|a ENH
|
| 541 |
|
|
|a Book Finder International
|e 41959
|
| 651 |
|
|
|a India
|x History
|y 20th century.
|
| 651 |
|
|
|a Pakistan
|x History
|y 20th century.
|9 6553
|
| 651 |
|
|
|a Bangladesh
|x History
|y 20th century.
|
| 852 |
|
|
|a Ayesha Abed Library
|c General Stacks
|
| 942 |
|
|
|2 ddc
|c BK
|
| 999 |
|
|
|c 46117
|d 46117
|
| 952 |
|
|
|0 0
|1 0
|2 ddc
|4 0
|6 954_040000000000000_CHA
|7 0
|9 74778
|a BRACUL
|b BRACUL
|c GEN
|d 2023-11-07
|e Book Finder International
|g 1823.18
|l 2
|m 60
|o 954.04 CHA
|p 3010041959
|r 2026-01-03
|s 2025-06-28
|t 1
|v 1823.18
|w 2023-11-07
|y BK
|